| 000 | 00719cam a22002413a 4500 | ||
|---|---|---|---|
| 001 | 7207 | ||
| 003 | PGUSA | ||
| 005 | 20140828083142.0 | ||
| 008 | 050101s2005||||xxu|||||s|||||000 | eng d | ||
| 040 |
_aPGUSA _beng |
||
| 042 | _adc | ||
| 050 | 4 | _aB | |
| 100 | 1 |
_aNietzsche, Friedrich Wilhelm, _d1844-1900 |
|
| 245 | 1 | 0 |
_aMenschliches, Allzumenschliches : _bEin Buch Fuer Freie Geister _h[electronic resource] / _cFriedrich Wilhelm Nietzsche |
| 260 |
_bProject Gutenberg, _c2005 |
||
| 506 | _aPublic domain in the USA. | ||
| 516 | _aElectronic text | ||
| 653 | _aHuman beings | ||
| 653 | _aPhilosophy, German | ||
| 830 | 0 |
_aProject Gutenberg _v7207 |
|
| 856 | 4 | 0 | _uhttp://www.gutenberg.org/ebooks/7207 |
| 942 | _cEB | ||
| 999 |
_c236527 _d236527 |
||